000 00434nam a2200205Ia 4500
001 13220
003 GE_BSU
008 181216s||||||||xx |||||||||||||| ||und||
020 _a0747584621
040 _cGE_BSU
080 _a821.111-3
100 _aMiller,Sue.
245 4 _aThe world below.
260 _aLondon.
260 _bBloomsbury.
260 _c2001
300 _a275p;18cm.
653 _aThe world below.
942 _cBK
999 _c46384
_d46384